Privatizéri dlhujú 15,7 miliardy korún

Bibliographic Details
Main Author: Špáni, Ivan (Author)
Format: Article
Language:Slovak
ISSN:1335-4701
Subjects:

MARC

LEADER 00000nab a2200000 a 4500
001 vtls000853762
003 SK-MaSNL
005 20260305005425.0
008 140301c2003 xo 0 slo
015 |a SNBRB2003/11-34049 
035 |a CLN000205417 
040 |a SNKBUCL  |b slo  |c SNKBUCL  |e AACR2 
041 0 |a slo 
044 |a xo  |c SK 
080 |a 330.52:061.2(437.6):347.41/.43  |2 1997 
100 1 |a Špáni, Ivan  |4 aut  |9 839023 
245 1 0 |a Privatizéri dlhujú 15,7 miliardy korún  |c Ivan Špáni 
610 2 7 |a Fond národného majetku Slovenskej republiky  |2 snkbucl  |9 179298 
655 7 |a články z novín a časopisov  |2 snkbucl  |9 267496 
773 0 |t Hospodárske noviny  |g Roč. 11, č. 87 (9.-11.5.2003), s. 3  |x 1335-4701 
850 |a Slovenská národná knižnica v Martine 
852 |a SNK  |b KIS3GCP 
958 |a SK 
992 |a RBX 
999 |c 3240374  |d 3242304